000
00303nam a2200133Ia 4500
008
190216s9999||||xx |||||||||||||| ||und||
100
_a
Kittel C
245
0
_a
Mechanics
250
_a
2ND ED
260
_b
Mcgraw-Hill International Edition
_c
1963
300
_a
426 p
650
_a
Physics
942
_c
BK
999
_c
34122
_d
34122